|
|
|
|
| LEADER |
00000nam a2200000 a 4500 |
| 001 |
vtls001105574 |
| 003 |
SK-MaSNL |
| 005 |
20260301001347.0 |
| 008 |
250414s1977 xo o h 0 slo |
| 015 |
|
|
|a SNBA1977
|
| 035 |
|
|
|a SNK000048416
|
| 040 |
|
|
|a SNK
|b slo
|c SNK
|e AACR2
|
| 041 |
0 |
|
|a slo
|
| 043 |
|
|
|a e-xo---
|
| 044 |
|
|
|a xo
|c SK
|
| 072 |
|
7 |
|a 331
|x Práca
|2 konspekt
|
| 080 |
|
|
|a 331.876.4
|2 1981
|
| 080 |
|
|
|a 885.4-92
|2 1981
|
| 080 |
|
|
|a (031)929
|2 2001
|
| 245 |
0 |
0 |
|a Hrdinovia zblízka
|
| 260 |
|
|
|a Bratislava
|b Práca
|c 1977
|e Bratislava
|f Pravda
|
| 300 |
|
|
|a 129 s.
|b Fot.
|c 20 cm
|
| 500 |
|
|
|a Spoluvyd. Ekon. odd. SOR, Bratislava.
|
| 600 |
1 |
7 |
|a Gála, Jozef
|2 SNKMA
|9 279551
|
| 650 |
0 |
7 |
|a pracovné vyznamenania
|2 SNKPH
|9 279552
|
| 651 |
|
7 |
|a Šoporňa (Slovensko)
|x osobnosti
|2 SNKPH
|9 279553
|
| 651 |
|
7 |
|a Galanta (Slovensko : okres)
|2 SNKPH
|9 15964
|
| 655 |
|
7 |
|a biografické slovníky
|2 SNKPH
|9 51960
|
| 852 |
|
|
|a Slovenská národná knižnica
|
| 954 |
|
|
|a črty biografické
|a literatúra faktu
|
| 954 |
|
|
|a práca socialistická
|a hrdinovia práce
|a robotníci
|
| 958 |
|
|
|a OND
|
| 999 |
|
|
|c 534736
|d 536666
|
| 952 |
|
|
|a SNK
|b SNK
|y VYP
|7 0
|p 17A0603589
|o snkSD 46544 D1
|i snkKSP 1832/77
|0 0
|1 0
|4 0
|d 2008-10-28
|l 0
|r 2026-02-23 12:21:43
|w 2026-02-23
|